Small-scale food processing : (Record no. 19262)

000 -LEADER
fixed length control field 00723cam a2200205 a 4500
020 ## - INTERNATIONAL STANDARD BOOK NUMBER
ISBN 1853391085
040 ## - CATALOGING SOURCE
Transcribing agency DJBF
082 00 - DEWEY DECIMAL CLASSIFICATION NUMBER
Classification number 664 INT 1992 C153 Or.
245 00 - TITLE STATEMENT
Title Small-scale food processing :
Remainder of title a guide to appropriate equipment /
260 ## - PUBLICATION, DISTRIBUTION, ETC. (IMPRINT)
Place of publication London, UK. :
Name of publisher Intermediate Technology Publications in association with CTA,
Year of publication 1992.
300 ## - PHYSICAL DESCRIPTION
Number of Pages xiii, 158 p. :
Other physical details ill. ;
Dimensions 30 cm.
500 ## - GENERAL NOTE
General note Includes indexes.
650 #0 - SUBJECT ADDED ENTRY--TOPICAL TERM
Topical Term Food industry and trade
650 #0 - SUBJECT ADDED ENTRY--TOPICAL TERM
Topical Term Food processing machinery
700 1# - ADDED ENTRY--PERSONAL NAME
Personal name Fellows, P.
700 1# - ADDED ENTRY--PERSONAL NAME
Personal name Hampton, Ann.
856 42 - ELECTRONIC LOCATION AND ACCESS
Uniform Resource Identifier http://www.loc.gov/catdir/enhancements/fy1117/93149008-b.html
856 42 - ELECTRONIC LOCATION AND ACCESS
Uniform Resource Identifier http://www.loc.gov/catdir/enhancements/fy1117/93149008-d.html
942 ## - ADDED ENTRY ELEMENTS (KOHA)
Koha item type ADB
952 ## - LOCATION AND ITEM INFORMATION (KOHA)
Withdrawn status [LOCAL, KOHA] 0
Holdings
Source of acquisition Permanent Location Date acquired Koha item type Lost status Shelving location Current Location Full call number
A33909Library Block C2020-09-01សៀវភៅភាសាអង់គ្លេស C153Library Block C664 INT 1992 C153 Or.
មជ្ឈមណ្ឌលឯការនៃសាកលវិទ្យាល័យភូមិន្ទកសិកម្មចំការដូង

Powered by Koha